Acerca de algunas formalidades en la ley 19550 (Registro nro. 27758)

Detalles MARC
000 -LEADER
fixed length control field 00373 a2200121 4500
001 - CONTROL NUMBER
control field ART_19290
005 - DATE AND TIME OF LATEST TRANSACTION
control field 20260410161921.0
008 - FIXED-LENGTH DATA ELEMENTS--GENERAL INFORMATION
fixed length control field 260409a
100 1# - MAIN ENTRY--PERSONAL NAME
Personal name Dealecsandris, Ricardo P.
245 10 - TITLE STATEMENT
Title Acerca de algunas formalidades en la ley 19550
700 1# - ADDED ENTRY--PERSONAL NAME
Personal name Quian, Roberto J.
773 0# - HOST ITEM ENTRY
Title La información
Related parts - Tomo XLI, Nº 601 (ene. 1980)
Record control number REV14902

No hay ítems disponibles.